[Event "Bassano del Grappa Vergani Cup Elitte-A"]
[Site "Bassano del Grappa"]
[Date "2021.01.06"]
[Round "7"]
[White "Colonetti, Fabio"]
[Black "Fecker, Noah"]
[Result "1/2-1/2"]
[WhiteElo "2032"]
[BlackElo "2329"]
[PlyCount "64"]
[EventDate "2021.01.03"]
[EventType "swiss"]
[EventRounds "9"]
[EventCountry "ITA"]
[SourceTitle "EXT 2022"]
[Source "ChessBase"]
[SourceDate "2021.10.06"]
[SourceVersion "1"]
[SourceVersionDate "2021.10.06"]
[SourceQuality "1"]

1. d4 Nf6 2. c4 c5 3. d5 b5 4. cxb5 a6 5. bxa6 g6 6. Nc3 Bxa6 7. Nf3 d6 8. g3 Bg7 9. Bg2 Nbd7 10. Rb1 0-0 11. 0-0 Qa5 12. Bd2 Rfb8 13. Qc2 Qc7 14. b3 Nb6 15. Nh4 Qb7 16. Rfd1 Nfxd5 17. Nxd5 Nxd5 18. Bf4 Nxf4 19. gxf4 Qb4 20. Bxa8 Rxa8 21. Ng2 Bc8 22. Rbc1 Bb7 23. f3 Bc8 24. e3 Bf5 25. Qe2 Qa3 26. e4 Bd4+ 27. Kh1 Bc8 28. Rc2 Ba6 29. Qe1 Bb7 30. Qe2 Ba6 31. Qe1 Bb7 32. Qe2 Ba6 1/2-1/2